000 01018cab a2200265 4500
001 ABS59011
008 090401t1998 xxu||||| |||| 00| 0 eng d
035 _a(Sirsi) u87642
041 _aeng
100 _aHall, B.
245 _aSubsidence insurance claims - who pays?
260 _c1998
350 _a0
490 _aCSM
_bChartered Surveyor Monthly
_vJuly/August 1998, 44-45(2)
520 _aSecond of two articles considering subsidence insurance claims. Discusses underpinning as an option in repairing subsidence damage and the recent approach by many buildings insurers in adopting a `fast track` approach to subsidence claims. Considers the parties, including surveyors, against whom claims can be made. (See Abs 58853 for Part One).
650 _aCLAIMS
650 _aINSURANCE COMPANIES
650 _aSUBSIDENCE
650 _aSURVEYORS
650 _aTREE ROOTS
650 _aUNDERPINNING
690 _aBUILDING AND CONSTRUCTION-REPAIRS AND MAINTENANCE
942 _n0
948 _c24/07/1998
999 _c55293
_d55293